[Event "MSR_ch20"]
[Site "?"]
[Date "2024.04.06"]
[Round "2.21"]
[White "Oslej, Marek"]
[Black "Hulic, Michal"]
[Result "1-0"]
[BlackElo "1575"]
[WhiteElo "1806"]
[LiveChessVersion "1.4.8"]

1. e4 {[%clk 1:30:57]} c6 {[%clk 1:30:46]} 2. d4 {[%clk 1:31:20]} d5
{[%clk 1:31:11]} 3. f3 {[%clk 1:30:28]} e5 {[%clk 1:31:26]} 4. dxe5
{[%clk 1:30:25]} Qb6 {[%clk 1:31:48]} 5. Bd3 {[%clk 1:21:18]} Bc5
{[%clk 1:28:36]} 6. Kf1 {[%clk 1:18:30]} Ne7 {[%clk 1:22:57]} 7. Nc3
{[%clk 1:16:33]} Bd4 {[%clk 1:19:49]} 8. f4 {[%clk 1:12:23]} Bxc3
{[%clk 1:17:04]} 9. bxc3 {[%clk 1:12:52]} O-O {[%clk 1:16:33]} 10. Nf3
{[%clk 1:08:55]} f6 {[%clk 1:12:29]} 11. exf6 {[%clk 1:07:01]} Rxf6
{[%clk 1:12:18]} 12. e5 {[%clk 1:04:06]} Rf8 {[%clk 1:07:43]} 13. a4
{[%clk 0:42:13]} Na6 {[%clk 0:54:56]} 14. a5 {[%clk 0:34:16]} Qc7
{[%clk 0:53:19]} 15. g3 {[%clk 0:25:30]} Nc5 {[%clk 0:38:28]} 16. Kg2
{[%clk 0:24:53]} Nf5 {[%clk 0:28:20]} 17. g4 {[%clk 0:22:43]} Nh6
{[%clk 0:24:40]} 18. h3 {[%clk 0:23:11]} Qe7 {[%clk 0:16:43]} 19. f5
{[%clk 0:17:45]} Ne4 {[%clk 0:14:13]} 20. f6 {[%clk 0:14:35]} gxf6
{[%clk 0:13:35]} 21. Bxh6 {[%clk 0:15:02]} Nxc3 {[%clk 0:06:04]} 22. Bxf8
{[%clk 0:14:27]} Qxf8 {[%clk 0:05:58]} 23. Qe1 {[%clk 0:13:59]} d4
{[%clk 0:04:08]} 24. exf6 {[%clk 0:13:04]} Qxf6 {[%clk 0:03:20]} 25. Qe8+
{[%clk 0:13:15]} Kg7 {[%clk 0:03:30]} 26. Rae1 {[%clk 0:11:53]} Bxg4
{[%clk 0:02:20]} 27. Re7+ {[%clk 0:12:11]} Kh6 {[%clk 0:02:26]} 28. Rxh7# 1-0

[Event "MSR_ch20"]
[Site "?"]
[Date "2024.04.06"]
[Round "2.22"]
[White "Ondrejicka, Tomas"]
[Black "Loffay, Pavol"]
[Result "1/2-1/2"]
[BlackElo "1803"]
[WhiteElo "1530"]
[LiveChessVersion "1.4.8"]

1. e4 {[%clk 1:30:57]} d6 {[%clk 1:30:56]} 2. f4 {[%clk 1:31:18]} Nf6
{[%clk 1:31:17]} 3. Nc3 {[%clk 1:31:26]} g6 {[%clk 1:31:32]} 4. Nf3
{[%clk 1:30:56]} Bg7 {[%clk 1:31:46]} 5. d4 {[%clk 1:30:20]} O-O {[%clk 1:30:34]}
6. e5 {[%clk 1:28:28]} Nfd7 {[%clk 1:29:27]} 7. Bc4 {[%clk 1:26:19]} Nb6
{[%clk 1:26:53]} 8. Bb3 {[%clk 1:22:53]} Nc6 {[%clk 1:25:54]} 9. Be3
{[%clk 1:21:43]} Na5 {[%clk 1:21:35]} 10. Nd2 {[%clk 1:16:07]} Nxb3
{[%clk 1:19:12]} 11. axb3 {[%clk 1:14:16]} dxe5 {[%clk 1:14:38]} 12. fxe5
{[%clk 1:14:13]} f6 {[%clk 1:06:33]} 13. exf6 {[%clk 1:02:15]} exf6
{[%clk 1:01:26]} 14. O-O {[%clk 1:01:49]} Re8 {[%clk 1:00:27]} 15. Re1
{[%clk 0:59:59]} Bf5 {[%clk 0:56:37]} 16. Nf3 {[%clk 0:57:33]} c6
{[%clk 0:53:22]} 17. Nh4 {[%clk 0:53:03]} Be6 {[%clk 0:51:29]} 18. Nf3
{[%clk 0:48:43]} Qc7 {[%clk 0:48:17]} 19. Qd2 {[%clk 0:46:43]} Nd5
{[%clk 0:43:08]} 20. Nxd5 {[%clk 0:46:13]} Bxd5 {[%clk 0:43:27]} 21. Bf4
{[%clk 0:45:26]} Rxe1+ {[%clk 0:36:34]} 22. Rxe1 {[%clk 0:44:17]} Qd7
{[%clk 0:36:15]} 23. Qe3 {[%clk 0:41:48]} Bxf3 {[%clk 0:30:24]} 24. gxf3
{[%clk 0:40:32]} Kf7 {[%clk 0:29:48]} 25. b4 {[%clk 0:38:44]} f5 {[%clk 0:27:56]}
26. Qb3+ {[%clk 0:37:03]} Qd5 {[%clk 0:27:21]} 27. Qxd5+ {[%clk 0:36:02]} cxd5
{[%clk 0:27:43]} 28. c3 {[%clk 0:35:19]} Re8 {[%clk 0:23:39]} 29. Rxe8
{[%clk 0:34:47]} Kxe8 {[%clk 0:24:03]} 30. h4 {[%clk 0:34:32]} Kd7
{[%clk 0:23:11]} 31. Kf2 {[%clk 0:32:40]} Bf6 {[%clk 0:21:42]} 32. Kg3
{[%clk 0:32:38]} Kc6 {[%clk 0:20:21]} 33. Bg5 {[%clk 0:30:21]} Bg7
{[%clk 0:19:54]} 34. Bf4 {[%clk 0:30:09]} Kd7 {[%clk 0:18:33]} 35. Be5
{[%clk 0:29:57]} Bf8 {[%clk 0:17:58]} 36. Bf4 {[%clk 0:28:21]} b6
{[%clk 0:16:38]} 37. Bb8 {[%clk 0:27:22]} a5 {[%clk 0:16:54]} 38. b5
{[%clk 0:24:22]} a4 {[%clk 0:16:32]} 39. Bf4 {[%clk 0:24:26]} a3 {[%clk 0:15:43]}
40. bxa3 {[%clk 0:24:44]} Bxa3 {[%clk 0:16:04]} 41. Bd2 {[%clk 0:24:48]} Be7
{[%clk 0:14:30]} 42. Bg5 {[%clk 0:24:52]} Bf8 {[%clk 0:13:39]} 43. Be3
{[%clk 0:22:33]} h6 {[%clk 0:12:30]} 44. f4 {[%clk 0:22:03]} Ke6 {[%clk 0:11:53]}
45. Kh3 {[%clk 0:21:31]} Kf6 {[%clk 0:10:43]} 46. Kg3 {[%clk 0:21:28]} Bd6
{[%clk 0:09:47]} 47. Kf3 {[%clk 0:21:27]} Ke6 {[%clk 0:08:55]} 48. Bd2
{[%clk 0:21:14]} Kf6 {[%clk 0:08:54]} 49. Be3 {[%clk 0:21:31]} 1/2-1/2

[Event "MSR_ch20"]
[Site "?"]
[Date "2024.04.06"]
[Round "2.23"]
[White "Svorad, Tomas"]
[Black "Osvald, Jakub"]
[Result "1-0"]
[BlackElo "1517"]
[WhiteElo "1746"]
[LiveChessVersion "1.4.8"]

1. d4 {[%clk 1:30:40]} Nf6 {[%clk 1:30:26]} 2. c4 {[%clk 1:29:08]} g6
{[%clk 1:30:36]} 3. Nf3 Bg7 4. g3 {[%clk 1:24:51]} O-O {[%clk 1:28:41]} 5. Bg2
{[%clk 1:23:28]} c6 {[%clk 1:27:26]} 6. O-O {[%clk 1:20:20]} d5 {[%clk 1:25:49]}
7. b3 {[%clk 1:11:43]} e6 {[%clk 1:17:56]} 8. Bb2 {[%clk 1:11:16]} a6
{[%clk 1:12:12]} 9. a4 {[%clk 1:07:56]} Bd7 {[%clk 1:10:13]} 10. Nc3
{[%clk 1:08:02]} Qe8 {[%clk 1:02:00]} 11. a5 {[%clk 1:03:36]} Bc8
{[%clk 0:55:58]} 12. Ba3 {[%clk 0:47:00]} Nbd7 {[%clk 0:51:15]} 13. Bxf8
{[%clk 0:44:12]} Bxf8 {[%clk 0:47:42]} 14. Qc2 {[%clk 0:34:09]} b5
{[%clk 0:41:20]} 15. axb6 {[%clk 0:33:32]} Nxb6 {[%clk 0:41:39]} 16. c5
{[%clk 0:32:41]} Nbd7 {[%clk 0:41:36]} 17. b4 {[%clk 0:30:07]} Rb8
{[%clk 0:39:20]} 18. Ra4 {[%clk 0:29:22]} Qd8 {[%clk 0:37:48]} 19. Rfa1
{[%clk 0:26:43]} Ne8 {[%clk 0:30:02]} 20. e4 {[%clk 0:24:04]} Nc7
{[%clk 0:29:35]} 21. e5 {[%clk 0:22:21]} Bg7 {[%clk 0:24:48]} 22. Nd2
{[%clk 0:20:38]} f6 {[%clk 0:22:37]} 23. f4 {[%clk 0:20:29]} f5 {[%clk 0:18:30]}
24. Nb3 {[%clk 0:18:29]} Nf8 {[%clk 0:15:47]} 25. Na5 {[%clk 0:15:39]} Qd7
{[%clk 0:15:34]} 26. Bf1 {[%clk 0:14:35]} Kh8 {[%clk 0:14:25]} 27. Rb1
{[%clk 0:13:42]} Nb5 {[%clk 0:10:46]} 28. Nxb5 {[%clk 0:12:56]} axb5
{[%clk 0:09:38]} 29. Ra2 {[%clk 0:10:05]} Kg8 {[%clk 0:07:36]} 30. Rba1
{[%clk 0:10:20]} Ra8 {[%clk 0:02:40]} 31. Nb3 {[%clk 0:10:48]} Rxa2
{[%clk 0:02:48]} 32. Rxa2 {[%clk 0:11:17]} Qe8 {[%clk 0:02:07]} 33. Ra8
{[%clk 0:11:22]} Qd7 {[%clk 0:02:20]} 34. Qa2 {[%clk 0:11:35]} Qc7
{[%clk 0:01:37]} 35. Qa5 {[%clk 0:11:20]} Qxa5 {[%clk 0:00:52]} 36. Nxa5
{[%clk 0:11:48]} Bd7 {[%clk 0:00:49]} 37. Ra6 {[%clk 0:12:17]} Kf7
{[%clk 0:00:40]} 38. Nxc6 {[%clk 0:12:34]} Bxc6 {[%clk 0:01:07]} 39. Rxc6
{[%clk 0:12:57]} Ke7 {[%clk 0:00:50]} 40. Rc7+ {[%clk 0:13:12]} 1-0